000 00837nam a2200277 a 4500
001 000017719
003 DO-SdBPM
005 20250910071741.0
007 ta
008 100330s1991 dr 000 0 spa d
040 _aDO-SdBPM
_bspa
_cBPMSU
_drda
082 4 _a923.27293
_bB719n 1991
_222
100 1 _aNadal, Pablo
_eautor
245 1 0 _aBonó :
_bciudadano dominicano /
_cPablo Nadal.
260 _c
264 _aSanto Domingo :
_bEditora Taller,
_c1991
300 _a88 páginas ;
_c24 cm.
336 _atexto
_btxt
_2rdacontent
337 _asin mediación
_bn
_2rdamedia
338 _avolumen
_bnc
_2rdacarrier
590 _aInventariado, 2025/VM
600 1 7 _aBonó, Pedro Francisco
_xBiografía
_d1828-1906
651 7 _aRepública Dominicana
_vBiografías
910 _aVMateo V. Control de calidad. BPMSU
942 _2ddc
_cBK
999 _c15378
_d15378